| 000 | 02129cam a2200337 i 4500 | ||
|---|---|---|---|
| 999 |
_c9554 _d9554 |
||
| 001 | 19766812 | ||
| 003 | GBCCL | ||
| 005 | 20241126110714.0 | ||
| 008 | 170702s2018 ilu 001 0deng | ||
| 010 | _a 2017031557 | ||
| 020 | _a9781433557866 (hc) | ||
| 040 |
_aDLC _beng _cDLC _erda _dDLC |
||
| 042 | _apcc | ||
| 050 | 0 | 0 |
_aBV4647.H67 _bB88 2018 |
| 082 | 0 | 0 |
_a241.671 _223 _bBUT |
| 100 | 1 |
_aButterfield, Rosaria Champagne, _d1962- _eauthor. _916620 |
|
| 245 | 1 | 4 |
_aThe Gospel comes with a house key : _bpracticing radically ordinary hospitality in our post-Christian world / _cRosaria Champagne Butterfield. |
| 264 | 1 |
_aWheaton : _bCrossway, _c[2018] |
|
| 300 |
_a240 pages ; _c23 cm |
||
| 336 |
_atext _btxt _2rdacontent |
||
| 337 |
_aunmediated _bn _2rdamedia |
||
| 338 |
_avolume _bnc _2rdacarrier |
||
| 500 | _aIncludes index. | ||
| 505 | 0 | _aRadically ordinary hospitality -- Priceless: the merit of hospitality -- The Jesus paradox: the vitality of hospitality -- Our post Christian world: the kindness of hospitality -- God never gets the address wrong: the providence of hospitality -- The Gospel comes with a house key: the seal of hospitality -- Judas in the church: the borderland of hospitality -- Giving up the ghosts: the lamentation of hospitality -- The daily grind: the basics of hospitality -- Blessed are the merciful: the hope of hospitality -- Walking the Emmaus Road: the future of hospitality -- Feeding the 5000: the nuts and bolts and beans and rice. | |
| 650 | 0 |
_aHospitality _xReligious aspects _xChristianity. _916621 |
|
| 650 | 0 |
_aStrangers _xReligious aspects _xChristianity. _916622 |
|
| 776 | 0 | 8 |
_iOnline version: _aButterfield, Rosaria Champagne, 1962- author. _tGospel comes with a house key _dWheaton : Crossway, 2018 _z9781433557873 _w(DLC) 2018000815 |
| 906 |
_a7 _bcbc _corignew _d1 _eecip _f20 _gy-gencatlg |
||
| 942 |
_2ddc _cBK |
||